Cat Stevens / Yusuf Lyrics Quiz - Statistics

General Stats
  • This quiz has been taken 81 times
  • The average score is 7 of 15
Answer Stats
lyrics song % Correct
But if you wanna leave, take good care I hope you have a lot of nice things to wear Wild World
92%
It's not time to make a change Just relax, take it easy Father and Son
80%
Now I've been happy lately, thinking about the good things to come And I believe it could be, something good has begun Peace Train
76%
Oh if I ever lose my hands, oh if... I won't have to work no more Moonshadow
71%
Bring tea for the Tillerman Steak for the sun Tea for the Tillerman
69%
Sweet the rain's new fall, sunlit from heaven Like the first dew fall, on the first grass Morning has Broken
68%
I would have given you all of my heart but there's someone who's torn it apart The First Cut is the Deepest
61%
I've got some money 'cause I just got paid Now, how I wish I had someone to talk to, I'm in an awful way Another Saturday Night
47%
And if you want to live high, live high And if you want to live low, live low If You Want to Sing Out, Sing Out
47%
And though your dreams may toss and turn you now They will vanish away like your daddy's best jeans Oh Very Young
40%
I've sat upon the setting sun, but never never never never I never wanted water once The Wind
33%
Who'll be my love you'll be my love You'll be my sky above Rubylove
25%
I'd like to live in a wigwam, yes I'd like to live in a wigwam I'd like to live in a wigwam and dance round the totem pole I Want to Live in a Wigwam
13%
Nunc concipitur mali hominis crimen Tristetate et lacrimis gravis est dolor O Caritas
4%
I love you, though the stars may fade And mountains turn into sand Two Fine People
3%
No matching quizzes found
Score Distribution
Percent of People with Each Score
Percentile by Number Answered
Your Score History
You have not taken this quiz